000 00658nam a2200241Ia 4500
005 20260320201001.0
008 008 262003s9999 xx 000 0 eng d
037 _aEBOOK
040 _aCRL
040 _beng
040 _cCRL
041 _2eng
041 _aeng
084 _qCRL
100 _aHoang
_9882410
245 0 _aAdvanced Techniques for Optimal Sizing of Analog Integrated Circuits: Quantum Computing, Machine Learning, and Bio-inspired Optimization
260 _bIEEE
260 _c2026
856 _uhttps://ieeexplore.ieee.org/servlet/opac?bknumber=11222989
942 _cEBOOK
999 _c1718080
_d1718080